[Event "Buenos Aires PRO op"]
[Site "Buenos Aires"]
[Date "1993.??.??"]
[Round "1"]
[White "Moccero, Eduardo"]
[Black "Llanos, Guillermo"]
[Result "0-1"]
[WhiteElo "2205"]
[BlackElo "2405"]

1.e4 c5 2.c3 Nf6 3.e5 Nd5 4.d4 cxd4 5.Bc4 Qc7 6.Qe2 Nb6 7.Bd3 Nc6 8.Nf3 d5
9.exd6 Qxd6 10.Nxd4 Nxd4 11.cxd4 Nd5 12.O-O e6 13.Nc3 Nxc3 14.bxc3 Be7 15.Rb1 O-O
16.Qe4 g6 17.Bh6 Rd8 18.Rfc1 e5 19.Qe2 exd4 20.cxd4 Bf6 21.Bc4 b6 22.Qf3 Bf5
23.Rb5 Rac8 24.Rd5 Qe7 25.Rxd8+ Rxd8 26.d5 Be4 27.Qb3 Bg7 28.Be3 Be5 29.f3 Bf5
30.Bf2 Bd6 31.Re1 Qc7 32.h3 Bc5 33.Qb5 Bd7 34.Qb3 b5 35.Bd3 Bxh3 36.Bxc5 Qxc5+
37.Kh2 Bd7 38.Re2 Qc7+ 39.Kg1 Qc1+ 40.Kf2 Qc5+ 41.Kf1 Re8 42.Be4 b4 43.Qc2 Qd4
44.Qd3 Qxd3 45.Bxd3 Rxe2 46.Kxe2 Kf8 47.d6 Be6 48.Ke3 Ke8 49.Kd4 Bxa2 50.Kc5 a5
51.Kb6 Be6 52.Kxa5 b3 53.Kb4 Kd7  0-1

[Event "Buenos Aires FMD op"]
[Site "Buenos Aires"]
[Date "1993.??.??"]
[Round "2"]
[White "Dotta, Juan Carlos"]
[Black "Cativelli, Gerardo"]
[Result "1-0"]
[WhiteElo "2235"]
[BlackElo "2225"]

1.e4 c5 2.c3 Nf6 3.e5 Nd5 4.d4 cxd4 5.Qxd4 e6 6.Nf3 Nc6 7.Qe4 d6 8.Bb5 Bd7
9.exd6 Bxd6 10.O-O Nce7 11.Bd3 Qc7 12.g3 Ng6 13.Nd4 a6 14.Nd2 O-O 15.N2f3 Nf6
16.Qe2 e5 17.Bxg6 hxg6 18.Nb3 Bb5 19.Qd1 Bxf1 20.Qxf1 Rfe8 21.h3 e4 22.Nfd4 e3
23.Bxe3 Bxg3 24.Qg2 Bd6 25.Rd1 Rad8 26.Nd2 Nd5 27.Nf1 Bf4 28.Bxf4 Nxf4 29.Qf3 Rd5
30.h4 Rdd8 31.Ne3 Ne6 32.Nec2 Qe7 33.Qg3 Qc5 34.Kh2 Qh5 35.Rg1 g5 36.Nf5 gxh4
37.Qe5 g6 38.Ncd4 Qh7 39.Nd6 Rf8 40.N4f5 Ng7 41.Ne7+ Kh8 42.Qf6 Rxd6 43.Qxd6 Ne6
44.Rg4 Qh5 45.Nxg6+ fxg6 46.Qxe6 Rxf2+ 47.Kg1 Qc5 48.Rxh4+ Kg7 49.Qd7+ Kf6
50.Qd8+ Kf5 51.Qd3+ Kf6 52.Qd8+ Ke6 53.Qe8+ Kf5 54.Qd7+ Kg5 55.Rg4+ Kh5 56.Rd4 Rf5
57.Qh7+  1-0

[Event "Buenos Aires Najdorf op"]
[Site "Buenos Aires"]
[Date "1993.??.??"]
[Round "7"]
[White "Olivieri, Martin"]
[Black "Juarez, Alberto"]
[Result "1-0"]
[WhiteElo "2240"]
[BlackElo "2280"]

1.e4 c5 2.c3 Nf6 3.e5 Nd5 4.d4 cxd4 5.Qxd4 e6 6.Nf3 Nc6 7.Qe4 f5 8.Qe2 Qc7
9.g3 d6 10.exd6 Bxd6 11.Bg2 O-O 12.O-O Nf6 13.Nbd2 e5 14.Nc4 e4 15.Nxd6 Qxd6
16.Ng5 h6 17.Nh3 Be6 18.Nf4 Bf7 19.Rd1 Qe7 20.Bh3 g5 21.Bxf5 gxf4 22.Bxf4 Rfd8
23.Bxh6 Rxd1+ 24.Rxd1 Ne5 25.Qe3 Nfg4 26.Qf4 Qf6 27.Bxg4 Qxf4 28.Bxf4 Nxg4
29.h3 Nf6 30.Be5 Nd5 31.Rd4 Re8 32.Rxe4 Nf6 33.Re3 Nd5 34.Re1 Nb6 35.b3 Nd7
36.f4 Nxe5 37.Rxe5 Rd8 38.Kf2 Rd2+ 39.Re2 Rd3 40.c4 Kf8 41.h4 a5 42.g4 a4
43.Re3 Rd2+ 44.Re2 Rd3 45.Rb2 Rh3 46.Kg2 a3 47.Rd2 Rxh4 48.Kg3 Rh1 49.Rd8+ Kg7
50.Ra8 Rc1 51.Ra7 Rc2 52.Rxa3 Rc3+ 53.Kh4 Bxc4 54.Kg5 Bd5 55.Ra5 Bf3 56.Rb5 Rc2
57.f5 Rxa2 58.Rc5 Bc6 59.Re5 Rd2 60.Re7+ Kf8 61.Re3 Rd7 62.Kf6 Rf7+ 63.Kg6 Rg7+
64.Kh5 Be8+ 65.Kh4 Re7 66.Rc3 Rh7+ 67.Kg5 Rg7+ 68.Kf4 Bd7 69.g5 Bxf5 70.Kxf5 Re7
71.Rc5 Kg7 72.b4 Rf7+ 73.Ke6 Kg6 74.Kd6 Rh7 75.b5 Rh1 76.Kc7 Rh7+ 77.Kb8 Rd7
78.Ka7 Kf7 79.b6 Ke6 80.Rc1 Rg7 81.Rd1 Rxg5 82.Kxb7 Ke7 83.Rd4 Ke6 84.Ka6  1-0

[Event "Cannes op2"]
[Site "Cannes"]
[Date "1993.??.??"]
[Round "?"]
[White "Jonkman, Harmen"]
[Black "Plachetka, Jan"]
[Result "0-1"]
[WhiteElo "2270"]
[BlackElo "2455"]

1.e4 c5 2.c3 Nf6 3.e5 Nd5 4.d4 cxd4 5.Nf3 e6 6.cxd4 b6 7.Nc3 Nxc3 8.bxc3 Qc7
9.Bd2 d6 10.Bd3 Nd7 11.O-O dxe5 12.Re1 g6 13.dxe5 Bg7 14.Qe2 Bb7 15.Rac1 O-O
16.Bf4 Rfd8 17.Nd4 Nc5 18.Bc2 a6 19.Qe3 Rd5 20.Qg3 Nd7 21.Bb3 Rc5 22.Re3 Rc8
23.Nf5 exf5 24.Bxf7+ Kh8 25.e6 Ne5 26.Rce1 Be4 27.Qh4 g5 28.Qxg5 Nxf7 29.exf7 Qxf7
30.Rh3 Bf6 31.Qh6 Qg7  0-1

[Event "Capablanca mem-D"]
[Site "?"]
[Date "1993.??.??"]
[Round "12"]
[White "Espinosa, Julio"]
[Black "Estevez, Guillermo"]
[Result "0-1"]
[WhiteElo "2375"]
[BlackElo "2340"]

1.e4 c5 2.c3 Nf6 3.e5 Nd5 4.d4 cxd4 5.Nf3 e6 6.cxd4 b6 7.a3 Be7 8.b4 Bb7
9.Bd3 d6 10.O-O Nd7 11.Re1 dxe5 12.dxe5 a5 13.bxa5 Rxa5 14.Bd2 Rc5 15.Bb4 Rc8
16.Bxe7 Qxe7 17.Nbd2 O-O 18.Nc4 Rc7 19.Qd2 Nc5 20.Bc2 Rd8 21.Rad1 Nd7 22.Qd4 b5
23.Nd6 Nxe5 24.Qxe5 Rxd6 25.Nd4 Rdd7 26.Bd3 Nc3 27.Rc1 Qc5 28.Qxc5 Rxc5 29.Nb3 Rcc7
30.Re3 Nd5 31.Ree1 Nc3 32.Re3 Nd5 33.Ree1 Rc3 34.Bxb5 Rdc7 35.Rxc3 Rxc3 36.Na5 Ba8
37.a4 Kf8 38.f3 Rc2 39.Nc4 Nf4 40.Ne3 Ra2 41.g3 Nh3+ 42.Kf1 Rf2+  0-1

[Event "Cappelle op"]
[Site "Cappelle la Grande"]
[Date "1993.??.??"]
[Round "6"]
[White "Karpatchev, Aleksandr"]
[Black "Klarenbeek, Mark"]
[Result "1/2-1/2"]
[WhiteElo "2505"]
[BlackElo "2375"]

1.e4 c5 2.c3 Nf6 3.e5 Nd5 4.Nf3 e6 5.Bc4 Nc6 6.d4 cxd4 7.cxd4 d6 8.Qe2 dxe5
9.dxe5 Be7 10.O-O O-O 11.Qe4 Bd7 12.h4 b5 13.Ng5 g6 14.Bxd5 exd5 15.Qxd5 Nb4
16.Qb3 Bf5 17.Na3 Qd3 18.Qxd3 Bxd3 19.Re1 a6 20.Nf3 Rfe8 21.Bg5 Bxg5 22.hxg5 Bf5
23.Nd4 Rad8 24.Rad1 Nd3 25.Nxf5 gxf5 26.Re2 Nf4 27.Red2 Rxd2 28.Rxd2 Rxe5
29.Nc2 Ne6 30.Kf1 f4 31.Nb4 Re4 32.a3 a5 33.Nc6 b4 34.a4 Nc5 35.f3 Re6 36.Nd4 Rd6
37.Rc2 Rxd4 38.Rxc5 Rd1+ 39.Ke2 Rb1 40.Rc2 Ra1 41.Kd2 Rxa4 42.Rc4 Ra1 43.Rxf4 Rf1
44.Rf5 Rf2+ 45.Ke3 Rxb2 46.Rxa5 Rxg2 47.Rb5 b3 48.Rxb3 Rxg5 49.Kf2 Kg7 50.Rb6 Rg6
51.Rb7 h5 52.Rb5 Kh6 53.Rb4 Rf6 54.Kg3  1/2-1/2

[Event "Catania op"]
[Site "Catania"]
[Date "1993.??.??"]
[Round "?"]
[White "Agnello, Giuseppe"]
[Black "Priehoda, Vitezslav"]
[Result "0-1"]
[WhiteElo "2180"]
[BlackElo "2440"]

1.e4 c5 2.c3 Nf6 3.e5 Nd5 4.d4 cxd4 5.cxd4 Nc6 6.Nf3 d6 7.Bc4 Nb6 8.Bxf7+ Kxf7
9.e6+ Kg8 10.d5 h6 11.Nc3 Nb4 12.O-O N4xd5 13.Nxd5 Bxe6 14.Nf4 Bf7 15.Re1 e5
16.Ne2 Be7 17.Ng3 Kh7 18.b3 Re8 19.Ba3 Qd7 20.Qd2 Rad8 21.Rad1 Nd5 22.Qd3+ Kg8
23.Qe4 Nc3 24.Nxe5 Nxe4 25.Nxd7 Nxg3  0-1

[Event "JUG-chT"]
[Site "Cetinje"]
[Date "1993.??.??"]
[Round "?"]
[White "Bacetic, Nikola"]
[Black "Jakovljevic, Vlado"]
[Result "1-0"]
[WhiteElo "2330"]
[BlackElo "2290"]

1.e4 c5 2.c3 Nf6 3.e5 Nd5 4.d4 cxd4 5.Nf3 Nc6 6.cxd4 d6 7.exd6 Qxd6 8.Nc3 e6
9.Bd3 Be7 10.O-O O-O 11.Ne4 Qd8 12.a3 Nf6 13.Qc2 h6 14.Be3 Nxe4 15.Bxe4 Bd7
16.Rac1 Rc8 17.Qd2 f5 18.Bb1 Qe8 19.d5 exd5 20.Qxd5+ Kh8 21.Rfe1 Rd8 22.Bc5 Bc8
23.Qc4 Rd7 24.Ne5 Nxe5 25.Rxe5 Qd8 26.Rce1 Bxc5 27.Qxc5 Rd6 28.Qxa7 Rd1 29.Qe3 Rxe1+
30.Qxe1 Qf6 31.h3 g6 32.Qc3 Bd7 33.Ba2 Bc6 34.b4 Kh7 35.b5 Re8 36.bxc6 Qxe5
37.Qxe5 Rxe5 38.cxb7 Rb5 39.Bd5 Kg7 40.a4 Rb1+ 41.Kh2  1-0

[Event "JUG-chT"]
[Site "Cetinje"]
[Date "1993.??.??"]
[Round "?"]
[White "Bacetic, Nikola"]
[Black "Markovic, Miroslav"]
[Result "0-1"]
[WhiteElo "2330"]
[BlackElo "2510"]

1.e4 c5 2.c3 Nf6 3.e5 Nd5 4.d4 cxd4 5.Nf3 e6 6.cxd4 d6 7.a3 Bd7 8.Bd3 Bc6
9.O-O Nd7 10.b4 a6 11.Nbd2 Nf4 12.Be4 Bb5 13.Re1 d5 14.Bc2 Nd3 15.Re3 Nxc1
16.Rxc1 g6 17.Rb1 Bh6 18.Rc3 Nb6 19.a4 Bc6 20.a5 Nc8 21.Nf1 Na7 22.Ne3 Nb5
23.Rd3 Rc8 24.h4 Bd7 25.Ng4 Bg7 26.Ng5 h6 27.Nxf7 Kxf7 28.Rf3+ Ke7 29.Bxg6 Be8
30.Bxe8 Qxe8 31.Nf6 Bxf6 32.Rxf6 Rh7 33.Rb3 Kd7 34.Qb1 Qe7 35.Qd1 Rc4 36.f4 Nxd4
37.f5 Rc1  0-1

[Event "JUG-chT"]
[Site "Cetinje"]
[Date "1993.??.??"]
[Round "?"]
[White "Benderac, Srdjan"]
[Black "Markovic, Miroslav"]
[Result "0-1"]
[WhiteElo "2235"]
[BlackElo "2510"]

1.e4 c5 2.c3 Nf6 3.e5 Nd5 4.d4 cxd4 5.Nf3 e6 6.cxd4 d6 7.Nc3 Nxc3 8.bxc3 Nc6
9.exd6 Bxd6 10.Bd3 Qc7 11.O-O Bd7 12.Re1 O-O-O 13.a4 Na5 14.Ba3 Bxa3 15.Rxa3 Kb8
16.Ne5 Bc8 17.Qe2 f6 18.Nc4 e5 19.Nxa5 Qxa5 20.dxe5 Rhe8 21.Qf3 Rxe5 22.Rxe5 Qxe5
23.h3 Qd6  0-1

[Event "JUG-chT"]
[Site "Cetinje"]
[Date "1993.??.??"]
[Round "?"]
[White "Petronijevic, Zoran"]
[Black "Jovanovic, Sasa T"]
[Result "1-0"]
[WhiteElo "2315"]
[BlackElo "2300"]

1.e4 c5 2.c3 Nf6 3.e5 Nd5 4.d4 cxd4 5.Nf3 e6 6.cxd4 b6 7.a3 Be7 8.Bd3 Ba6
9.O-O Bxd3 10.Qxd3 d6 11.Nbd2 Nd7 12.exd6 Bxd6 13.Ne4 Be7 14.Ne5 Qc7 15.Qg3 Nxe5
16.dxe5 g6 17.Bh6 f5 18.exf6 Qxg3 19.fxg3 Bf8 20.f7+ Kd7 21.Bxf8 Raxf8 22.Rae1 h6
23.Nf6+ Kd6 24.Nxd5 exd5 25.Rf6+ Kc5 26.Re7 g5 27.Rxa7 Rd8 28.Kf2 b5 29.Ke2 Kc4
30.Rb7 Rc8 31.Kd2 Kd4 32.Rxb5 Ke5 33.Rf3 Rhf8 34.Re3+ Kd6 35.Rd3 Rxf7 36.Rdxd5+ Ke6
37.Re5+ Kd6 38.Rbd5+ Kc6 39.Rc5+ Kd6 40.Rxc8 Kxe5 41.Ke3 Rf1 42.g4 Re1+ 43.Kf2 Rb1
44.Rb8 Kd4 45.h3 Kd3 46.Rb6 Rc1 47.Kg3 Rc2 48.a4 Ke2 49.Kh2 Kf1 50.Rf6+ Ke1
51.Kg1 Rc4 52.b3 Rb4 53.Rxh6  1-0

[Event "Clichy"]
[Site "Clichy"]
[Date "1993.??.??"]
[Round "10"]
[White "Coupet, Pascal"]
[Black "Spacek, Petr"]
[Result "1/2-1/2"]
[WhiteElo "2270"]
[BlackElo "2390"]

1.e4 c5 2.c3 Nf6 3.e5 Nd5 4.d4 cxd4 5.cxd4 d6 6.Nf3 Nc6 7.Bc4 Nb6 8.Bb3 dxe5
9.Nxe5 Nxe5 10.dxe5 Qxd1+ 11.Bxd1 e6  1/2-1/2

[Event "Copenhagen op15"]
[Site "Copenhagen"]
[Date "1993.??.??"]
[Round "6"]
[White "Smagin, Sergey"]
[Black "Rytshagov, Mikhail"]
[Result "1/2-1/2"]
[WhiteElo "2520"]
[BlackElo "2435"]

1.e4 c5 2.c3 Nf6 3.e5 Nd5 4.d4 cxd4 5.Nf3 Nc6 6.Bc4 Nb6 7.Bb3 d5 8.exd6 Qxd6
9.O-O Be6 10.Na3 Bxb3 11.Qxb3 e6 12.Nb5 Qd7 13.Nfxd4 Na5 14.Qd1 a6 15.Nxe6 fxe6
16.Qh5+ g6 17.Qe5 axb5 18.Qxh8 Qg7 19.Qxg7 Bxg7 20.Re1 Kf7 21.Rb1 Nd5 22.g3 Nc4
23.a3 Bf6 24.h4 Rc8 25.Kg2 Rc7 26.Rh1 h5 27.Re1 Rd7 28.Bg5 Bg7 29.Re4 Nd6
30.Ree1 Nc4 31.Re4 Ndb6 32.Rbe1 Nxb2 33.Rf4+ Kg8 34.Rxe6 Nd5 35.Rxg6 Nxf4+
36.Bxf4 Nd3 37.Be3 Kf7 38.Rg5 Bxc3 39.Rxb5 Ne5 40.Bf4 Ke6 41.Bxe5 Bxe5 42.f4 Rd2+
43.Kh3 Bd6 44.Rxb7 Bxa3 45.Rb5 Rd5  1/2-1/2

[Event "Cuxhaven op"]
[Site "Cuxhaven"]
[Date "1993.??.??"]
[Round "5"]
[White "Hedke, Fred"]
[Black "Rabiega, Robert"]
[Result "0-1"]
[WhiteElo "2345"]
[BlackElo "2455"]

1.e4 c5 2.c3 Nf6 3.e5 Nd5 4.d4 cxd4 5.Nf3 Nc6 6.Bc4 Nb6 7.Bb3 d5 8.exd6 Qxd6
9.O-O Be6 10.Bxe6 Qxe6 11.Nxd4 Nxd4 12.Qxd4 Rd8 13.Qh4 Qe2 14.Nd2 e6 15.Ne4 Rd1
16.Ng3 Rxf1+ 17.Nxf1 Be7 18.Qg3 O-O 19.Bd2 Rd8 20.Re1 Qa6 21.Bh6 Bf6 22.a3 Rd3
23.Ne3 Qb5 24.h3 Na4 25.Bf4 Qxb2 26.Be5 Qd2 27.Rd1 Qxd1+  0-1

[Event "Cuxhaven op"]
[Site "Cuxhaven"]
[Date "1993.??.??"]
[Round "7"]
[White "David, Adrian"]
[Black "Vasilchenko, Oleg"]
[Result "1/2-1/2"]
[WhiteElo "2305"]
[BlackElo "2425"]

1.e4 c5 2.c3 Nf6 3.e5 Nd5 4.d4 cxd4 5.Nf3 e6 6.cxd4 b6 7.Bd3 Ba6 8.Bxa6 Nxa6
9.O-O Be7 10.Nc3 Nac7 11.Ne4 O-O 12.Re1 Ne8 13.Bg5 f6 14.exf6 Nexf6 15.Nc3 Nxc3
16.bxc3 Qc7 17.Ne5 Rae8 18.Rc1 Nd5 19.Bxe7 Rxe7 20.c4 Nf4 21.Re3 d6 22.Nd3 Nxd3
23.Rxd3 Ref7 24.Rc2 Qc6 25.h3 e5 26.dxe5 dxe5 27.Re3 Qa4 28.Qd3 Rd7 29.Qb3 Qxb3
30.axb3 Re8 31.Re1 Rde7 32.Re4 Kf7 33.Rd2 Kf6 34.f3 Rc8 35.Rd6+ Kf7 36.Rd5 Rc5  1/2-1/2

[Event "Debrecen-C"]
[Site "Debrecen"]
[Date "1993.??.??"]
[Round "7"]
[White "Vajda, Albert"]
[Black "Mate, Laszlo"]
[Result "1-0"]
[WhiteElo "2180"]
[BlackElo "2285"]

1.e4 c5 2.c3 Nf6 3.e5 Nd5 4.d4 cxd4 5.Nf3 Nc6 6.Bc4 Nb6 7.Bb3 d5 8.exd6 Qxd6
9.Na3 a6 10.O-O Bf5 11.cxd4 e6 12.Re1 Be7 13.d5 Nxd5 14.Nc4 Qc7 15.Nce5 Nxe5
16.Rxe5 Rd8 17.Bxd5 Rxd5 18.Rxd5 exd5 19.Qxd5 Be6 20.Qe4 Qd7 21.Bg5 f6 22.Bf4 Qd5
23.Qe2 Kf7 24.Re1 Bb4 25.Rd1 Qxa2 26.Qe4 Be7 27.Nd4 Bd5 28.Qe2 Rc8 29.Nf5 Bf8
30.Qh5+ Kg8 31.Rxd5 g6 32.Qd1 gxf5 33.Rxf5 Qe6 34.Rd5 Re8 35.Be3 Qe4 36.Qb3 Kh8  1-0

[Event "Arab-ch8 Doha"]
[Site "Doha"]
[Date "1993.??.??"]
[Round "11"]
[White "Hmadi, Slaheddine"]
[Black "Abdulghafour, Yousef"]
[Result "1-0"]
[WhiteElo "2315"]
[BlackElo "2240"]

1.e4 c5 2.c3 Nf6 3.e5 Nd5 4.d4 cxd4 5.Nf3 Nc6 6.Bc4 Nb6 7.Bb3 d5 8.exd6 Qxd6
9.O-O Be6 10.Bxe6 Qxe6 11.Nxd4 Nxd4 12.Qxd4 Rd8 13.Qh4 h5 14.h3 Qe2 15.Be3 e6
16.Bxb6 axb6 17.Na3 Bxa3 18.Qa4+ Kf8 19.Qxa3+ Kg8 20.Rfe1 Qb5 21.Qe7 Rd7
22.Re5 Rxe7 23.Rxb5 Rd7 24.Rxb6 Kh7 25.a4 Rhd8 26.a5 Rc7 27.c4 Rd2 28.b3 Rb2
29.Rb5 Rd7 30.Rxh5+ Kg6 31.Rb5 Rdd2 32.Rf1 Ra2 33.b4 Rd4 34.c5 e5 35.Rb6+ f6
36.Rxb7 e4 37.c6 e3 38.fxe3 Rdd2 39.Kh1 Kh7 40.Rg1 Rdc2 41.c7 Ra4 42.b5 Rxa5
43.b6  1-0

[Event "Dortmund op-A"]
[Site "Dortmund"]
[Date "1993.??.??"]
[Round "1"]
[White "Richter, Klaus"]
[Black "Modr, Bretislav"]
[Result "0-1"]
[WhiteElo "2240"]
[BlackElo "2305"]

1.e4 c5 2.c3 Nf6 3.e5 Nd5 4.d4 cxd4 5.Qxd4 e6 6.Bc4 Nc6 7.Qe4 Qc7 8.Nf3 Nde7
9.O-O Ng6 10.Re1 Ncxe5 11.Nxe5 Nxe5 12.Bxe6 dxe6 13.Qxe5 Qxe5 14.Rxe5 b6
15.Re1 Bb7 16.Bf4 Be7 17.Nd2 O-O 18.Rad1 Rfd8 19.Nb3 Rac8 20.h3 Kf8 21.f3 Bh4
22.g3 Be7 23.Kf2 Bd5 24.Be3 Bf6 25.Rd2 e5 26.Red1 Be6 27.h4 Be7 28.Nc1 Rxd2+
29.Rxd2 f6 30.Nb3 Ke8 31.Nc1 h6 32.Rd1 Rc7 33.a3 f5 34.f4 exf4 35.Bxf4 Rd7
36.Rxd7 Kxd7 37.Nd3 g5 38.hxg5 hxg5 39.Ne5+ Ke8 40.Be3 Bd5 41.b4 Bf6 42.Bd4 Ke7
43.Ke3 Ke6 44.Nd3 Bd8 45.Be5 a6 46.Kd4 Be4 47.Nf2 Bg2 48.c4 Bf1 49.c5 b5
50.Nd1 Be2 51.Nc3 Bf3 52.a4 Bc6 53.axb5 axb5 54.Nd1 Be7 55.Nf2 Bf8 56.Nd3 Bh6
57.Bd6 Bg7+ 58.Be5 Bh6 59.Bd6 Be4 60.Ne5 Bg7 61.g4 Bc6 62.gxf5+ Kxf5  0-1

[Event "Dortmund op-A"]
[Site "Dortmund"]
[Date "1993.??.??"]
[Round "7"]
[White "Stein, Bernd"]
[Black "Bebchuk, Evgeni"]
[Result "1/2-1/2"]
[WhiteElo "2375"]
[BlackElo "2300"]

1.e4 c5 2.c3 Nf6 3.e5 Nd5 4.d4 cxd4 5.Qxd4 e6 6.Nf3 Nc6 7.Qe4 d6 8.Bb5 Bd7
9.c4 Nb6 10.exd6 Bxd6 11.O-O Qc7 12.Nc3 a6 13.Rd1 O-O 14.Be3 Nc8 15.c5 Be7
16.Bf4 Qa5 17.Rxd7 axb5 18.Rxb7 b4 19.Nb5 Qa6 20.Rxe7 N8xe7 21.Nc7 Qa4 22.Nxa8 Rxa8
23.b3 Qb5 24.Bd6 Nd5 25.Ng5 Nf6 26.Qf3 h6 27.Ne4 Nd5 28.Ng3 Ra3 29.h4 Qa6
30.Qe2 Nc3 31.Qg4 Rxa2 32.Nh5 Rxa1+ 33.Kh2 g6 34.Qf4 Qf1 35.Nf6+ Kg7 36.Ne8+ Kg8
37.Nf6+ Kg7 38.Ne8+ Kg8  1/2-1/2

[Event "Eger"]
[Site "Eger"]
[Date "1993.??.??"]
[Round "4"]
[White "Vajda, Albert"]
[Black "Krockenberger, Martin"]
[Result "0-1"]
[WhiteElo "2345"]
[BlackElo "2305"]

1.e4 c5 2.c3 Nf6 3.e5 Nd5 4.d4 cxd4 5.Nf3 e6 6.cxd4 b6 7.Bd3 Bb4+ 8.Bd2 Bxd2+
9.Nbxd2 Ba6 10.Bxa6 Nxa6 11.Ne4 O-O 12.O-O Nab4 13.Nfd2 Nc6 14.Nc4 f6 15.exf6 gxf6
16.Ne3 Nce7 17.Nc3 Nxc3 18.bxc3 Kh8 19.d5 e5 20.d6 Ng6 21.Nf5 Qe8 22.g3 Qe6
23.Qh5 Rac8 24.Rfe1 Rxc3 25.Re4 Rfc8 26.Kg2 R3c4 27.Rae1 Rxe4 28.Rxe4 Qd5
29.Qf3 Qxa2 30.Ne7 Rf8 31.Nxg6+ hxg6 32.Rxe5 Qd2 33.Rd5 Qe1 34.Rd4 Qe5 35.Qd3 Kg7
36.Rd5 Qe6 37.h4 Re8 38.Rd4 Qe2 39.Qc3 Qe5 40.Qc4 b5 41.Qd3 a6 42.Rg4 f5
43.Rd4 Re6 44.Qd2 Kh7 45.Qd3 Qe2 46.Qc3 Re4 47.Rd2 Qc4 48.Qf6 Qe6 49.Qg5 Kg7
50.h5 Qf6 51.h6+ Kf7 52.Qxf6+ Kxf6 53.Ra2 Re8 54.Rxa6 Rb8 55.h7 Ke6 56.Rb6 Rh8
57.Rxb5 Rxh7 58.Kf3 Rg7 59.Rb6 Rg8 60.g4 Rc8 61.gxf5+ gxf5 62.Rb5 Rc3+ 63.Kf4 Rc4+
64.Ke3 Re4+ 65.Kd3 Re5 66.Rb8 Kxd6 67.Rf8 Ke7 68.Rh8 Kf6 69.Rg8 Re7 70.Rg1 Re4
71.f3 Ra4 72.Ke3 Ke5 73.Rd1 Ra3+ 74.Kf2 d5 75.Kg3 d4 76.Rb1 d3 77.Rb8 f4+
78.Kg4 Ra6 79.Rb5+ Kd4 80.Kxf4 d2 81.Rb1 Rc6 82.Rd1 Kd3 83.Ke5 Rc5+ 84.Ke6 Rc1
85.Rxd2+ Kxd2 86.f4 Re1+ 87.Kd6 Rf1 88.Ke5 Ke3 89.f5 Kf3 90.f6 Kg4  0-1

[Event "Narancs Cup"]
[Site "Eger"]
[Date "1993.??.??"]
[Round "7"]
[White "Vajda, Albert"]
[Black "Feller, Joseph"]
[Result "1-0"]
[WhiteElo "2345"]
[BlackElo "2230"]

1.e4 c5 2.c3 Nf6 3.e5 Nd5 4.d4 cxd4 5.Nf3 Nc6 6.Bc4 Nb6 7.Bb3 d5 8.exd6 Qxd6
9.O-O e6 10.cxd4 Be7 11.Nc3 O-O 12.a3 Nd5 13.Qd3 Nxc3 14.bxc3 b6 15.Ng5 Bxg5
16.Bxg5 Bb7 17.Bc2 f5 18.Bb3 Na5 19.Ba2 Rac8 20.Rfe1 Bd5 21.Be7 Qxe7 22.Bxd5 Rf6
23.Rxe6 Rxe6 24.Re1 Kh8 25.Bxe6 Re8 26.d5 Nb7 27.Qxf5 Qxa3 28.Qe5 Qd6 29.f4 Rf8
30.Rf1 Qc5+ 31.Kh1 Qb5 32.Re1 Qc4 33.d6 Qxf4 34.Qxf4 Rxf4 35.d7 g6 36.Bd5 Nd8
37.Re8+ Kg7 38.Kg1 Rf8 39.g4 h6 40.Kg2 b5 41.Kg3 a5 42.Kg2 b4 43.cxb4 axb4
44.Kg3 g5 45.h3 Rh8 46.Kf3 Rf8+ 47.Ke3 Rh8 48.Kd4 Rf8 49.Kc5  1-0

[Event "Eger op"]
[Site "Eger"]
[Date "1993.??.??"]
[Round "8"]
[White "Vajda, Szidonia"]
[Black "Timar, Zsolt"]
[Result "1/2-1/2"]
[WhiteElo "2145"]
[BlackElo "2235"]

1.e4 c5 2.c3 Nf6 3.e5 Nd5 4.d4 cxd4 5.Nf3 e6 6.Nxd4 Nc6 7.Nxc6 bxc6 8.Bd3 d6
9.exd6 Bxd6 10.O-O O-O 11.Nd2 Nf4 12.Be4 Ba6 13.c4 Qc7 14.g3 Ng6 15.Rb1 Rad8
16.Qc2 c5 17.Bg2 Ne5 18.a3 Be7 19.Qa4 Qb6 20.f4 Nd3 21.Nf3 Nxc1 22.Rfxc1 Bb7
23.Qc2 Bf6 24.b3 Bxf3 25.Bxf3 Qa5 26.a4 Rd2 27.Qe4 Rfd8  1/2-1/2

[Event "NLD-ch sf"]
[Site "Enschede"]
[Date "1993.??.??"]
[Round "5"]
[White "Van de Oudeweetering, Arthur"]
[Black "Boersma, Paulus A"]
[Result "1/2-1/2"]
[WhiteElo "2335"]
[BlackElo "2365"]

1.e4 c5 2.c3 Nf6 3.e5 Nd5 4.d4 cxd4 5.Nf3 Nc6 6.Bc4 Nb6 7.Bb3 d5 8.exd6 Qxd6
9.O-O Be6 10.Bxe6 Qxe6 11.Nxd4 Nxd4 12.Qxd4 Rd8 13.Qh4 Qe2 14.Be3 Qxb2 15.Nd2 Rxd2
16.Rab1 Qc2 17.Bxd2 Qxd2 18.Rfd1 Qxa2 19.Qh5 Qe6 20.c4 g6 21.Qb5+ Qc6 22.c5 Qxb5
23.Rxb5 Bg7 24.cxb6 axb6 25.Rxb6 O-O 26.Rxb7 Bf6 27.Rdb1 Kg7 28.Rb8 Rxb8
29.Rxb8 Be5 30.Rb7 Bd6 31.g3 h5 32.Kg2 f5 33.f3 Kf6 34.h3 Kf7 35.Ra7 Kf6
36.Ra4 Kf7 37.g4 hxg4 38.hxg4 fxg4 39.Rxg4 Kf6 40.Kf2 Kf5 41.Rc4 Kf6 42.Ke3 Kf7
43.Ra4 Kf6 44.Ra5 Kf7 45.Kf2 Bf4 46.Kg2 Bd2 47.Rc5 Be3 48.Rc6 Bf4 49.Kh3 Bg5
50.Kg4 Bf6 51.Kf4 Bh4 52.Ke5 Bg3+ 53.Kd5 Bh2 54.Re6 Bg3 55.Ra6 Bd6 56.Ra8 Bb4
57.Kc6 Ke6 58.Rg8 Kf7 59.Rh8 Ke6 60.Rh4 Bd6 61.Re4+ Kf6 62.Kd7 Kf7 63.Rh4 Be5
64.Re4 Bd6 65.Ra4 Bg3 66.Re4 Bd6 67.Rh4 Kf6 68.Ke8 Be5 69.Kf8 g5 70.Ra4 Bf4
71.Ra5 g4 72.fxg4 e5 73.Ra7 e4 74.Ra5 Bh6+ 75.Kg8 e3 76.Rf5+ Kg6 77.Re5 Bf4
78.Re7 Kg5 79.Rg7+ Kh4 80.Kh7 Bg5 81.Rg8  1/2-1/2

[Event "ESP-ch playoff"]
[Site "?"]
[Date "1993.??.??"]
[Round "5"]
[White "Magem Badals, Jorge"]
[Black "Martin Gonzalez, Angel"]
[Result "1-0"]
[WhiteElo "2505"]
[BlackElo "2405"]

1.e4 c5 2.c3 Nf6 3.e5 Nd5 4.g3 d6 5.exd6 e6 6.Bg2 Bxd6 7.Nf3 Nc6 8.O-O O-O
9.d4 cxd4 10.Nxd4 Nxd4 11.Qxd4 Qc7 12.Nd2 Bd7 13.Ne4 Be5 14.Qd3 Rac8 15.Rd1 Ba4
16.Re1 h6 17.Qe2 Rfd8 18.Nc5 Qxc5 19.Qxe5 Bc2 20.Qe2 Ba4 21.Bxh6 gxh6 22.Qg4+ Kh7
23.Qxa4 Rd6 24.Rad1 Rcd8 25.Qe4+ f5 26.Qe5  1-0

[Event "FRA"]
[Site "FRA"]
[Date "1993.??.??"]
[Round "?"]
[White "Lejeune, Jean Pierre"]
[Black "Kouatly, Bachar"]
[Result "0-1"]
[WhiteElo "2350"]
[BlackElo "2505"]

1.e4 c5 2.c3 Nf6 3.e5 Nd5 4.Nf3 e6 5.d4 cxd4 6.cxd4 b6 7.Bd3 Ba6 8.O-O Be7
9.Nc3 Nxc3 10.bxc3 O-O 11.Bf4 d5 12.exd6 Bxd6 13.Bxa6 Nxa6 14.Bxd6 Qxd6 15.Qe2 Nb8
16.c4 Nd7 17.Rac1 Rac8 18.Rfd1 Rc7 19.Rc2 Rfc8 20.Rdc1 h6 21.g3 Qb4 22.Qd3 Nb8
23.Qb3 Nc6 24.c5 Qxb3 25.axb3 Nb4 26.Rc4 bxc5 27.Rxc5 Rxc5 28.Rxc5 Rxc5 29.dxc5 Na6
30.c6 Kf8 31.Nd4 Nc7 32.f4 Ke7 33.Kf2 Kd6 34.Ke3 a6 35.Kd3 Nb5 36.Nf3 f6
37.g4 Kxc6 38.g5 Kd5 39.gxh6 gxh6 40.Nd2 Nd6 41.b4 e5 42.fxe5 fxe5 43.Nb3 e4+
44.Ke3 Nc4+ 45.Kf4 Ne5 46.Nd2 e3 47.Ne4 Kd4 48.Ng3 Nc4 49.Kf3 Kd3 50.h4 Ne5+  0-1

[Event "Gausdal Int"]
[Site "Gausdal"]
[Date "1993.??.??"]
[Round "1"]
[White "Kristjansson, Bragi"]
[Black "Ernst, Thomas"]
[Result "1/2-1/2"]
[WhiteElo "2295"]
[BlackElo "2480"]

1.e4 c5 2.c3 Nf6 3.e5 Nd5 4.d4 cxd4 5.Qxd4 e6 6.Nf3 Nc6 7.Qe4 d6 8.Nbd2 dxe5
9.Nxe5 Nf6 10.Qa4 Qc7 11.Ndf3 Bd6 12.Nxc6 Bd7 13.Bb5 bxc6 14.Be2 O-O 15.O-O e5
16.Nd2 e4 17.Nxe4 Nxe4 18.Qxe4 Rfe8 19.Qf3 Bxh2+ 20.Kh1 Be5 21.Bc4 Be6 22.Bxe6 Rxe6
23.g3 Rb8 24.Kg2 c5 25.Re1 h6 26.Rxe5 Rxe5 27.Bf4 Rxb2 28.Re1 f6 29.Bxe5 fxe5
30.Qa8+ Kh7 31.Qe4+ Kh8 32.Qxe5 Qxe5 33.Rxe5  1/2-1/2

[Event "Troll Masters"]
[Site "Gausdal"]
[Date "1993.??.??"]
[Round "2"]
[White "Bergstrom, Rolf"]
[Black "Kotronias, Vasilios"]
[Result "0-1"]
[WhiteElo "2240"]
[BlackElo "2530"]

1.e4 c5 2.c3 Nf6 3.e5 Nd5 4.d4 cxd4 5.Nf3 e6 6.cxd4 d6 7.Bc4 Nc6 8.O-O Be7
9.Qe2 Nb6 10.Bb3 d5 11.Nc3 Bd7 12.Qe3 Rc8 13.Qf4 O-O 14.Qg3 f5 15.Bh6 Rf7
16.Nb5 Nc4 17.Bxc4 dxc4 18.Ng5 f4 19.Qg4 gxh6 20.Nxe6+ Bg5 21.Nxd8 Bxg4 22.Nxf7 Kxf7
23.Nd6+ Ke7 24.f3 Bd7 25.g3 Rg8 26.Rad1 Nb4 27.d5 b5 28.Ne4 Nd3 29.e6 Bc8
30.b3 Bb7 31.bxc4 bxc4 32.Rxd3 cxd3 33.d6+ Kxe6 34.Nc5+ Kxd6 35.Nxb7+ Kd5
36.Na5 fxg3 37.hxg3 Bf4 38.Rd1 Kd4 39.Nc6+ Kc3 40.Ne7 Rxg3+ 41.Kf2 Rg5  0-1

[Event "Peer Gynt"]
[Site "Gausdal"]
[Date "1993.??.??"]
[Round "3"]
[White "Eilertsen, Jens B"]
[Black "Savchenko, Stanislav"]
[Result "0-1"]
[WhiteElo "2240"]
[BlackElo "2530"]

1.e4 c5 2.c3 Nf6 3.e5 Nd5 4.d4 cxd4 5.cxd4 d6 6.Nf3 Nc6 7.exd6 Qxd6 8.Nc3 Bg4
9.Be2 e6 10.O-O Be7 11.Ne4 Qc7 12.h3 Bh5 13.Ng3 Bg6 14.Ne5 Nxe5 15.dxe5 O-O
16.f4 Nb4 17.Bd2 Rfd8 18.a3 Nc2 19.Rc1 Qb6+ 20.Kh2 Qxb2 21.Rf3 Nd4 22.Re3 Nf5
23.Nxf5 Bxf5 24.Bc3 Qb6 25.Bd2 Qd4 26.Rc7 Bf8  0-1

[Event "Gausdal Int"]
[Site "Gausdal"]
[Date "1993.??.??"]
[Round "4"]
[White "Kristjansson, Bragi"]
[Black "Cherniaev, Alexander"]
[Result "1/2-1/2"]
[WhiteElo "2295"]
[BlackElo "2420"]

1.e4 c5 2.c3 Nf6 3.e5 Nd5 4.d4 cxd4 5.Qxd4 e6 6.Nf3 Nc6 7.Qe4 f5 8.Qe2 Qc7
9.g3 Nde7 10.Bf4 Ng6 11.Nbd2 a6 12.Bg2 Be7 13.O-O O-O 14.Rfd1 b5 15.a4 Rb8
16.axb5 axb5 17.Nb3 Qb6 18.Be3 Qc7 19.Bd4 Bb7 20.Rdc1 Rfc8 21.h4 Nxd4 22.cxd4 Qb6
23.h5 Nf8 24.Qe3 Ra8 25.Rxa8 Rxa8 26.Nc5 Bd5 27.Nd2 Qc6 28.Bxd5 Qxd5 29.Qf3 Qxd4
30.Qxa8 Bxc5 31.Qf3 Bb4 32.Nb3 Qxe5 33.Rc2 Be7 34.Re2 Qd6 35.Rd2 Qb4 36.Qd3 Qc4
37.Nd4 Qc1+ 38.Kg2 b4  1/2-1/2